Southern African conference on the restructuring of education: conference proceedings (Record no. 76685)

MARC details
000 -LEADER
fixed length control field 01219nam a2200217 a 4500
008 - FIXED-LENGTH DATA ELEMENTS--GENERAL INFORMATION
fixed length control field 120416s1993 ||||||||||||||||| || u
020 ## - INTERNATIONAL STANDARD BOOK NUMBER
International Standard Book Number 0796915563
050 ## - LIBRARY OF CONGRESS CALL NUMBER
Classification number LB 1715 Hum
100 ## - MAIN ENTRY--PERSONAL NAME
Personal name de Villiers, Ilona
245 10 - TITLE STATEMENT
Title Southern African conference on the restructuring of education: conference proceedings
260 ## - PUBLICATION, DISTRIBUTION, ETC.
Place of publication, distribution, etc. Pretoria:
Name of publisher, distributor, etc. Education Consulting and Counselling Services
Date of publication, distribution, etc. 1993
300 ## - PHYSICAL DESCRIPTION
Extent viii, 196[10]p. : ill.
350 ## -
-- 0.00
650 #0 - SUBJECT ADDED ENTRY--TOPICAL TERM
Topical term or geographic name entry element EDUCATIONAL TESTS AND MEASUREMENTS
650 ## - SUBJECT ADDED ENTRY--TOPICAL TERM
Topical term or geographic name entry element EDUCATION--SOUTH AFRICA
650 ## - SUBJECT ADDED ENTRY--TOPICAL TERM
Topical term or geographic name entry element EDUCATION--AFRICA, SOUTHERN
995 ## -
-- ANNEX COLLECTION (Main Library)
-- 0.00
-- 725635
-- CBU-MAIN LIBRARY (Kitwe)
-- 1
-- 0.00
-- LB 1715 Hum
-- 1
-- AVAILABLE
-- 009112
-- Annex Low-Usage Collection
995 ## -
-- ANNEX COLLECTION (Main Library)
-- 0.00
-- 725636
-- CBU-MAIN LIBRARY (Kitwe)
-- 2
-- 0.00
-- LB 1715 Hum
-- 2
-- AVAILABLE
-- 009115
-- Annex Low-Usage Collection
995 ## -
-- ANNEX COLLECTION (Main Library)
-- 0.00
-- 725633
-- CBU-MAIN LIBRARY (Kitwe)
-- 4
-- 0.00
-- LB 1715 Hum
-- 4
-- AVAILABLE
-- 009114
-- Annex Low-Usage Collection
995 ## -
-- ANNEX COLLECTION (Main Library)
-- 0.00
-- 725634
-- CBU-MAIN LIBRARY (Kitwe)
-- 3
-- 0.00
-- LB 1715 Hum
-- 3
-- AVAILABLE
-- 009113
-- Annex Low-Usage Collection
999 ## -
-- 76685
-- 76685
Holdings
Withdrawn status Lost status Source of classification or shelving scheme Damaged status Not for loan Permanent Location Current Location Date acquired Full call number Barcode Date last seen Copy number Price effective from Koha item type Shelving location Total Checkouts
Withdrawn         CBU-MAIN LIBRARY, KITWE. CBU-MAIN LIBRARY, KITWE. 04/25/2023 LB 1715 Hum 009112 04/25/2023 1 04/25/2023 MONOGRAPH    
Withdrawn         CBU-MAIN LIBRARY, KITWE. CBU-MAIN LIBRARY, KITWE. 04/25/2023 LB 1715 Hum 009115 04/25/2023 2 04/25/2023 MONOGRAPH    
          CBU-MAIN LIBRARY, KITWE. CBU-MAIN LIBRARY, KITWE. 04/25/2023 LB 1715 Hum 009114 04/25/2023 3 04/25/2023 MONOGRAPH    
          CBU-MAIN LIBRARY, KITWE. CBU-MAIN LIBRARY, KITWE. 04/25/2023 LB 1715 Hum 009113 04/25/2023 4 04/25/2023 MONOGRAPH